Caricamento...

Illustrated world of science encyclopedia, The world of science, Vol.06: Earth science, Part3: The arrival of man

Dettagli Bibliografici
Autore principale: Creative World Publications
Natura: Printed Book
Pubblicazione: Creative World Publications, Inc., Chicago 1971
Soggetti:
LEADER 00633nam a2200169 4500
082 |a R 503 CRE-I.06 
100 |a Creative World Publications 
245 |a Illustrated world of science encyclopedia, The world of science, Vol.06: Earth science, Part3: The arrival of man  |c Creative World Publications 
250
260 |a Creative World Publications, Inc., Chicago  |c 1971 
300
490
650 |a Pure sciences - Dictionaries -- encyclopedias 
700
942 |c BK 
999 |c 201253  |d 201253 
952 |0 0  |1 0  |4 0  |6 R_503_000000000000000_CREI_06  |7 0  |9 214602  |a MAT  |b MAT  |l 0  |o R 503 CRE-I.06  |p MAT2265  |r 2019-11-01  |w 2019-11-01  |y BK